=LDR 00000nam 2200000 4500 =001 INLIS000000000014756 =005 20130612110031 =008 ***********************************Ind** =035 ##$$0010-061300000014756 =041 ##$$a Ind =082 ##$$a F 813 =090 ##$$a F 813, Gib s =100 ##$$a Gibran, Kahlil =245 ##$$a Sang pengelana, Kahlil GIbran;penerjemah, Olenka Fatten HP;editor, Shaleh Gisymar =260 ##$$a 2004 $b Jakarta =300 ##$$a xii, 140 hlm, 18 cm =650 ##$$a Fiksi Indonesia =700 ##$$a Fatten HP, Olenka =850 ##$$a NBPNMAT